| 000 | 01099cam a2200289 a 4500 | ||
|---|---|---|---|
| 999 |
_c9837 _d9837 |
||
| 001 | 1681950 | ||
| 003 | GBCCL | ||
| 005 | 20241126110719.0 | ||
| 008 | 981202s1998 oruab 000 0 eng | ||
| 010 | _a 98226464 | ||
| 020 | _a1576734595 | ||
| 040 |
_aDLC _cDLC _dDLC |
||
| 043 | _af-sj--- | ||
| 050 | 0 | 0 |
_aHT1384.S73 _bB65 1998 |
| 082 |
_a272.092 _bBOM |
||
| 100 | 1 |
_aBombay, Cal R. _917070 |
|
| 245 | 1 | 0 |
_aLet my people go! : _bthe true story of present-day persecution and slavery / _cCal R. Bombay. |
| 260 |
_aSisters, Or. : _bMultnomah Publishers, _cc1998. |
||
| 300 |
_a192 p. : _bill., maps ; _c23 cm. |
||
| 650 | 0 |
_aSlavery _zSudan. _917071 |
|
| 650 | 0 |
_aPersecution _zSudan. _917072 |
|
| 856 | 4 | 2 |
_3Contributor biographical information _uhttp://www.loc.gov/catdir/enhancements/fy0729/98226464-b.html |
| 856 | 4 | 2 |
_3Publisher description _uhttp://www.loc.gov/catdir/enhancements/fy0729/98226464-d.html |
| 906 |
_a7 _bcbc _corignew _d2 _encip _f19 _gy-gencatlg |
||
| 942 |
_2ddc _cBK |
||